Dilemmas of science teaching: Perspectives on problems of practice (Record no. 1385734)

MARC details
000 -LEADER
fixed length control field 00685nam a2200229Ia 4500
005 - DATE AND TIME OF LATEST TRANSACTION
control field 20250508163856.0
008 - FIXED-LENGTH DATA ELEMENTS--GENERAL INFORMATION
fixed length control field 008 250505s9999 xx 000 0 eng d
020 ## - INTERNATIONAL STANDARD BOOK NUMBER
International Standard Book Number 0-415-23763-7
037 ## - SOURCE OF ACQUISITION
Stock number Reference
040 ## - CATALOGING SOURCE
Original cataloging agency FEDL
Language of cataloging eng
Transcribing agency FEDL
041 ## - LANGUAGE CODE
Language code of text/sound track or separate title eng
Source of code eng
084 ## - COLON CLASSIFICATION NUMBER
Classification number 507, WAL
Assigning agency FEDL
100 ## - MAIN ENTRY--PERSONAL NAME
Personal name Wallace John Ed.
9 (RLIN) 776630
245 #0 - TITLE STATEMENT
Title Dilemmas of science teaching: Perspectives on problems of practice
260 ## - PUBLICATION, DISTRIBUTION, ETC.
Place of publication, distribution, etc. London, UK
Name of publisher, distributor, etc. Routledge Falmer
Date of publication, distribution, etc. 2002
300 ## - PHYSICAL DESCRIPTION
Extent vii,258p
365 ## - TRADE PRICE
Price type code GBP
Price amount 15.99
650 ## - SUBJECT ADDED ENTRY--TOPICAL TERM
Topical term or geographic name entry element Science - Study and teaching
9 (RLIN) 776054
700 ## - ADDED ENTRY--PERSONAL NAME
Personal name Louden William Ed.
9 (RLIN) 776631
942 ## - ADDED ENTRY ELEMENTS (KOHA)
Koha item type Reference
Classification part 507, WAL
Holdings
Withdrawn status Lost status Damaged status Not for loan Home library Current library Date acquired Cost, normal purchase price Total Checkouts Full call number Barcode Date last seen Price effective from Koha item type
        Department of Education Library Department of Education Library 2025-05-08 15.99   507, WAL EL0079308 2025-05-08 2025-05-08 Reference
Copyright @ Delhi University Library System